Welcome to CU Library Online Public Access Catalogue (OPAC)

The medical interview : (Record no. 8571)

MARC details
000 -LEADER
fixed length control field 00792pam a2200241 a 4500
001 - CONTROL NUMBER
control field 2960543
005 - DATE AND TIME OF LATEST TRANSACTION
control field 20251215204217.0
008 - FIXED-LENGTH DATA ELEMENTS--GENERAL INFORMATION
fixed length control field 910715s1992 pau b 001 0 eng c
020 ## - INTERNATIONAL STANDARD BOOK NUMBER
International Standard Book Number 0803619960
Qualifying information softbound : alk. paper
020 ## - INTERNATIONAL STANDARD BOOK NUMBER
International Standard Book Number 9780803619968
Qualifying information (softbound : alk. paper)
050 00 - LIBRARY OF CONGRESS CALL NUMBER
Classification number RC65
Item number .C68 1992
082 00 - DEWEY DECIMAL CLASSIFICATION NUMBER
Classification number 616.07/51
Edition information 20
100 1# - MAIN ENTRY--PERSONAL NAME
Personal name Coulehan, John L.
Dates associated with a name 1943-
245 14 - TITLE STATEMENT
Title The medical interview :
Remainder of title a primer for students of the art /
Statement of responsibility, etc. John L. Coulehan, Marian R. Block.
250 ## - EDITION STATEMENT
Edition statement Ed. 2.
260 ## - PUBLICATION, DISTRIBUTION, ETC.
Place of publication, distribution, etc. Philadelphia :
Name of publisher, distributor, etc. F.A. Davis,
Date of publication, distribution, etc. c1992.
300 ## - PHYSICAL DESCRIPTION
Extent xxi, 369 p. ;
Dimensions 23 cm.
650 #0 - SUBJECT ADDED ENTRY--TOPICAL TERM
Topical term or geographic name entry element Medical history taking.
650 #2 - SUBJECT ADDED ENTRY--TOPICAL TERM
Topical term or geographic name entry element Medical History Taking.
650 #2 - SUBJECT ADDED ENTRY--TOPICAL TERM
Topical term or geographic name entry element Physician-Patient Relations.
700 1# - ADDED ENTRY--PERSONAL NAME
Personal name Block, Marian R.,
Dates associated with a name 1947-
942 ## - ADDED ENTRY ELEMENTS (KOHA)
Source of classification or shelving scheme Library of Congress Classification
Koha item type Books
Edition 2nd ed.
Suppress in OPAC No
999 ## -
-- 8571
-- 8571
Holdings
Withdrawn status Lost status Source of classification or shelving scheme Damaged status Not for loan Collection Home library Current library Shelving location Date acquired Total checkouts Full call number Barcode Date last seen Copy number Price effective from Koha item type
    Library of Congress Classification     Non-fiction Science Library (Miotso) Science Library (Miotso) Reference 12/15/2025   RC65 .C68 COU SLM00006645 12/15/2025 1 12/15/2025 Books
© 2023-2024 Copyright: Central University Libraries. All Rights Reserved | Created by: Mahone Tech Office